| 000 | 00525nam a2200181Ia 4500 | ||
|---|---|---|---|
| 003 | IN-BaIIA | ||
| 008 | 211028s9999 xx 000 0 eng d | ||
| 040 | _cIIA Library | ||
| 080 |
_a(035)634.4 _bICAR |
||
| 245 | 4 |
_aThe Mango : A Handbook _cedited by Muhammad Siddiq |
|
| 260 |
_aNew Delhi _bIndian Council of Agricultural Research _c1967 |
||
| 300 | _a210p. | ||
| 650 | _aAstronomy and Astrophysics Thesaurus | ||
| 650 | _aGardening | ||
| 650 |
_aMangoes _910803 |
||
| 700 |
_aSiddiq, Muhammad, ed. _910804 |
||
| 942 | _cBK | ||
| 999 |
_c6292 _d6292 |
||